Names of Colonies and the country they are in today - Statistics

General Stats
  • This quiz has been taken 79 times
  • The average score is 11 of 15
Answer Stats
Colony Modern Country % Correct
British Raj India, Pakistan, Bangladesh
94%
Patagonia Argentina, Chile
89%
Thirteen Colonies USA
88%
British Honduras Belize
86%
Southern Rhodesia Zimbabwe
86%
Cape Colony South Africa
83%
New Spain Mexico, USA
81%
New Netherland USA
78%
La Plata Argentina
73%
New Sweden USA
67%
Swan River Colony Australia
58%
Van Diemens Land Australia
55%
New Granada Colombia, Venezuela
55%
Rupert's Land Canada
53%
Rio De Oro Morocco
34%
No matching quizzes found
Score Distribution
Percent of People with Each Score
Percentile by Number Answered
Your Score History
You have not taken this quiz